| 000 | 00487nam a2200205Ia 4500 | ||
|---|---|---|---|
| 005 | 20250425161902.0 | ||
| 008 | 250425s9999 xx 000 0 und d | ||
| 041 | _aspa | ||
| 082 | _a511.3 | ||
| 100 | _aPROAÑO VITERI, G. RAMIRO | ||
| 245 | 0 | _aLOGICA CONJUNTOS ESTRUCTURAS | |
| 250 | _a1A ED. | ||
| 260 |
_aEcuador _bEDICUMBRE _c1996 |
||
| 260 | _aQUITO | ||
| 300 | _a213 | ||
| 650 | _aCONJUNTOS-MATEMATICAS | ||
| 650 | _aLOGICA MATEMATICA | ||
| 942 | _c01 | ||
| 010 | _a33775 | ||
| 999 |
_c218117 _d218117 |
||